000 00456nam a2200193Ia 4500
005 20250603145543.0
008 250603s9999 xx 000 0 und d
020 _a978- 0- 618- 85463- 9
050 _aQA 331.3 .L37/
100 _aLarson, Ron, 1941-
245 0 _aPrecalculus : a graphing approach
250 _a5th ed.
260 _aBoston
260 _bHoughton Mifflin
260 _c2008
300 _a876 p
650 _aBoston
942 _cBK
999 _c42194
_d42194